| 000 | 01055nam a22002417a 4500 | ||
|---|---|---|---|
| 999 |
_c60188 _d60188 |
||
| 003 | Ge_BSU | ||
| 005 | 20230616095442.0 | ||
| 008 | 230616s2003 ge ||||| |||| 00| 0 geo d | ||
| 020 | _a999401398X | ||
| 041 | _ageo | ||
| 080 | _a94(37) თ-68 | ||
| 100 |
_aთოდუა, თემურ _918753 |
||
| 245 |
_aრომაული სამყარო და კოლხეთი : _bI-IV სს. / _c[რედ.: გრანი ქავთარია]. |
||
| 264 |
_aთბილისი : _b სახ. უნ-ტის გამ-ბა, _c2003. |
||
| 300 |
_a228გვ. ; _b20სმ. |
||
| 504 | _aბიბლიოგრ.: გვ. 189-212. | ||
| 520 | _aრეზ. ინგლ. ენ. | ||
| 653 | _aკოლხეთის ისტორია | ||
| 653 | _aძველი რომის ისტორია. | ||
| 653 | _aრომისა და კოლხეთის ურთიერთობები | ||
| 700 |
_aქავთარია, გრანი _eრედაქტორი _915333 |
||
| 942 |
_2udc _cBK |
||